| 000 | 01141njm a22002897a 4500 | ||
|---|---|---|---|
| 005 | 20100913100347.0 | ||
| 007 | sd ammalaaahaa | ||
| 008 | 100913t xxu||||| |||| 00| 0 hin d | ||
| 028 |
_aSH - 28 R _bSuper Hits |
||
| 035 | _aGR-04529 | ||
| 040 | _aSED/VEN | ||
| 100 |
_919606 _aKishore Kumar |
||
| 245 |
_aBura aadmi / _h[sound recording] : _cby Kishore Kumar ; music by Bappi Lahiri ; lyric by Indeevar |
||
| 246 | _aबुरा आदमी (किशोर कुमार) | ||
| 260 |
_aDum Dum, India _bSuper Hits _c1983 |
||
| 300 |
_a1 sound disc [Gramophone record] : _banalog, 33.1/3 rpm _c12 in. (LP) _fGramophone record |
||
| 500 | _aBrief record. | ||
| 500 | _aSuper Hits | ||
| 500 | _aOrange | ||
| 505 | _aPart.1 Lafda karega bankas karega (Bura aadmi) (Kishore Kumar), Part. 2 Woh to daya ki thi ek moorat (Chandrani Mukherjee) | ||
| 650 |
_xExcerpts _zIndia _919607 _vFilmi song _aClassical music |
||
| 700 |
_920331 _aMukherjee, Chandrani |
||
| 700 |
_aLahiri, Bappi _920941 |
||
| 700 |
_aIndeevar _920952 |
||
| 942 |
_2ddc _cGR |
||
| 999 |
_c47276 _d47276 |
||